Retrouvez le joueur passé par ces clubs - Statistiques

Statistiques générales
  • Ce quiz a été pris 162 fois
  • Le résultat moyen est 31 sur 50
Statistiques - réponses
Hint Réponse % Correct
Stade Rennais, Borussia Dortmund, FC Barcelone, Paris SG Ousmane Dembélé
92%
Manchester Utd., Juventus Turin, Manchester Utd., Juventus Turin Paul Pogba
88%
Znicz Pruszkow, Lech Poznan, Borussia Dortmund, Bayern Munich, FC Barcelone Robert Lewandowski
86%
RC Lens, Real Madrid, Manchester Utd., Côme 1907 Raphaël Varane
84%
Al Mokawloon, FC Bâle, Chelsea FC, ACF Fiorentina, AS Rome, Liverpool Mohamed Salah
83%
CR Flamengo, Real Madrid Vinicius Junior
80%
Santos FC, FC Barcelone, Paris SG, Al-Hilal Neymar
78%
Grenoble Foot 38, Istres FC, Tours FC, Montpellier HSC, Arsenal, Chelsea, AC Milan, Los Angeles FC Olivier Giroud
78%
Real Sociedad, Atletico Madrid, FC Barcelone, Atletico Madrid Antoine Griezmann
77%
Olympique Lyonnais, Real Madrid, Al-Ittihad Karim Benzema
77%
FC Metz, RB Salzbourg, Southampton FC, Liverpool, Bayern Munich, Al-Nassr Sadio Mané
77%
Malmö FF, Ajax Amsterdam, Juventus Turin, Inter Milan, FC Barcelone, AC Milan, Paris SG, Manchester Utd., LA Galaxy, AC Milan Zlatan Ibrahimovic
77%
AS Monaco, Paris SG, Real Madrid Kylian Mbappé
76%
US Boulogne, SM Caen, Leicester City, Chelsea, Al-Ittihad Ngolo Kanté
76%
Liverpool, Manchester City, Chelsea, Arsenal Raheem Sterling
76%
FC Groningue, Celtic, Southampton FC, Liverpool Virgil Van Dijk
75%
FC Barcelone, Vissel Kobe, Emirates Club Andres Iniesta
74%
Real Madrid, Borussia Dortmund, Inter Milan, Paris SG Achraf Hakimi
71%
FC Barcelone, Al-Sadd SC Xavi
69%
KRC Genk, Chelsea, Werder Breme, VfL Wolfsburg, Manchester City Kevin De Bruyne
68%
Futebol FC, EC Juventude, FC Porto, Dynamo Moscou, Fluminense FC, AC Milan, Paris SG, Chelsea, Fluminense FC Thiago Silva
68%
Rosario Central, Benfica Lisbonne, Real Madrid, Manchester Utd., Paris SG, Juventus Turin, Benfica Lisbonne Angel Di Maria
66%
Danubio FC, Palerme, Naples, Paris SG, Manchester Utd., FC Valence, Boca Juniors Edinson Cavani
64%
Santos FC, Real Madrid Rodrygo
64%
KRC Genk, Chelsea, Atletico Madrid, Chelsea, Real Madrid Thibaut Courtois
64%
SC Corinthians, AS Rome, Paris SG Marquinhos
63%
VfB Stuttgart, AS Rome, Chelsea, Real Madrid Antonio Rüdiger
62%
OGC Nice, Olympique Lyonnais, Tottenham, Los Angeles FC Hugo Lloris
62%
Dinamo Zagreb, Tottenham, Real Madrid Luka Modric
62%
FC Séville, Real Madrid, Paris SG, FC Séville Sergio Ramos
62%
CF Nacional, FC Groningue, Ajax Amsterdam, Liverpool, FC Barcelone, Atletico Madrid, CF Nacional, Grêmio, Inter Miami Luis Suarez
60%
LOSC Lille, AC Milan Mike Maignan
58%
Quimper CFC, Le Havre AC, Leicester City, Manchester City, Al-Ahli FC Riyad Mahrez
58%
FC Barcelone, Inter Miami Sergio Busquets
58%
ESTAC Troyes, AS Saint Etienne, Paris SG, Juventus Turin, Inter Miami Blaise Matuidi
55%
FC Valence, Gimnastic de Tarragone, FC Barcelone, Inter Miami Jordi Alba
55%
Schake 04, Werder Breme, Real Madrid, Arsenal, Fenerbahçe, Istanbul Basaksehir Mesut Ozil
52%
FC Barcelone Lamine Yamal
49%
Delfino Pescara, Paris SG, Al-Arabi SC Marco Verratti
49%
Olympique Lyonnais, FC Barcelone, US Lecce, LOSC Lille Samuel Umtiti
48%
Southampton FC, Tottenham, Real Madrid, Los Angeles FC Gareth Bale
47%
Bayern Munich, Bayer Leverkusen, Real Madrid Toni Kroos
46%
AC Milan, Paris SG Gianluigi Donnarumma
44%
Hertha Berlin, Hanbourg SV, Manchester City, Bayern Munich, Olympique Lyonnais, US Salernitana, LASK Jerome Boateng
39%
RB Salzbourg, FC Liefering, RB Leipzig, Bayern Munich Dayot Upamecano
32%
CA Independiente, Atletico Madrid, Manchester City, FC Barcelone Sergio Aguero
30%
RB Leipzig, Bayern Munich Joshua Kimmich
27%
Deportivo Saprissa, Albacete Balompié, Levante UD, Real Madrid, Paris SG, Nottingham Forrest Keylor Navas
26%
Cruzeiro, Ajax Amsterdam, Inter Milan, FC Barcelone, Paris SG Maxwell
25%
FC Barcelone, Atletico Madrid, Genoa CFC, Inter Milan, Paris SG Thiago Motta
25%
Aucun quiz correspondant
Distribution des résultats
% des personnes avec chaque résultat
Percentile par nombre de réponses
Votre historique - résultats
Vous n’avez pas pris ce quiz